000 00341nam a2200145Ia 4500
008 150201s2005 xx 000 0 und d
082 _a610.7367
_bS05C
100 _aCOLMER , MALEDM
245 _aMORONEY'S SURGERY FOR NURSES
250 _a16TH
260 _bELSEVIER
_aDELHI
_c2005
300 _a664
650 _aSURGERY
942 _2ddc
_cBK
999 _c1897
_d1897